00486cam a22001937a 4500003000500000005001700005008004100022010001000063011001000073035001000083040000900093082001500102100003300117245002200150260003700172300001100209650002900220650004300249CHAP20220329135940.0971013s1959 r 00010 d a44544 a45516 a49655 cCHAP a136.48bT400aTeilhard de Chardin, Pierre.14aThe future of man aNew York :bFontana Books,c1959 a332 p.14aAntropologia filosofica.14aHombrexInfluencia del medio ambiente.